LEADER 01081nam a2200253 4500 001 000000331267 003 CaOOAMICUS 005 20181122083806.0 008 181119s1994 it a 000 u ita r 020 $a88-85332-21-5*$c(errato) 040 $aSeMil$bita 100 1 $aLuisetto, Giovanni M.,$c.$0(OLS)http://semarc/name/5919 245 00$aMaria dalla quale è nato il Cristo /$cGiovanni M. Luisetto. 264 1$aConegliano (TV) :$bAncilla,$c1994. 300 $a469 p., [3] carte di tav. :$bill. ;$c23 cm 500 $aCon dedica omaggio dell'A. 600 04$aMadonna.$0(OLS)http://semarc/subject/10153 650 4$aMariologia.$0(OLS)http://semarc/subject/451 850 $aSeMil 852 $aSeMil$W1$xVenegono$y1$m2L VI 4$j210959$B224673$CSeMilBibl$Z2$F224673 $81 996 $6020$a88-85332-21-5*$c(errato)$9(OLS)http://semarc/number/285633 996 $6245$aMaria dalla quale è nato il Cristo$9(OLS)http://semarc/title/419973 996 $6264$aConegliano (TV) :$bAncilla$9(OLS)http://semarc/publisher/34365 LEADER 01652nam a2200277 i 4500 001 000000235331 003 CaOOAMICUS 005 20220818101936.0 008 141104s1791 it u000 u ita u 013 $a214234 026 $anee- 2.le A.i- dumi (3) 1791 (A) 040 $aSeMil$bita 100 1 $aMarchetti, Giovanni,$c.$0(OLS)http://semarc/name/12331 245 10$aRiflessioni sulla rivoluzione di Francia in forma di una lettera, che a principio dovea essere indirizzata ad un giovane parigino del signor Edmondo Burke compendiate, ... volgarizzate distesamente da un giornalista romano. 260 $aRoma :$bPresso Giovanni Zempel,$c1791. 300 $aXII, 96 p. ;$c8°. 500 $aSotto le iniziali D.E. (Da Empoli) che compaiono a c.*5r si cela il nome di uno dei più attivi redattori del Giornale Ecclesiastico di Roma, Giovanni Marchetti (cfr. on line Cahiers Vilfredo Pareto, vol. 10, 1966 p. 48) 500 $aSegn.: *6 a-f8 500 $aLegato con 3C-I-63 FA 700 1 $aBurke, Edmund,$d<1729-1797>.$0(OLS)http://semarc/name/55232 700 1 $aZempel, Giovanni,$c.$0(OLS)http://semarc/name/6706 850 $aSeMil 852 $aSeMil$W1$xVenegono$y1$m3C I 65 FA$j185677$B185677$CSeMilBibl$Z2$F196578 $8I 996 $6245$aRiflessioni sulla rivoluzione di Francia in forma di una lettera, che a principio dovea essere indirizzata ad un giovane parigino del signor Edmondo Burke compendiate, ... volgarizzate distesamente da un giornalista romano$9(OLS)http://semarc/title/335575 996 $6260$aRoma :$bPresso Giovanni Zempel$9(OLS)http://semarc/publisher/54132